| 000 | 00353nam a2200145Ia 4500 | ||
|---|---|---|---|
| 100 | _aCampione/ Mary/ Walrath/ Kathy | ||
| 942 | _cBK | ||
| 654 | _aComputer | ||
| 245 | _aJava Tutorial Object Once Prog for the Internet | ||
| 260 |
_bADDISON WESLEY _aNew Delhi _c1996 |
||
| 082 |
_a5.133 _bCAM |
||
| 300 | _a831 | ||
| 546 | _aENGLISH | ||
| 999 |
_c25100 _d25100 |
||